000
00335cam a2200145ua 4500
041
_a
eng
_h
082
_a
330.1
_b
LOS/EC
100
_a
losch, August .
245
_a
Economic of location
260
_a
London :
_b
New haven, Yole University press ,
_c
1964.
300
_a
520 ; .
504
_a
942
_c
BK
999
_c
11178
_d
11178